000 00432nam a2200193Ia 4500
008 101110s9999 xx 000 0 und d
041 _aENGLISH
082 _bSR11330
_a658
100 _aMugali V.N.
245 _aBusiness English
365 _b18
520 _aEconomics
546 _aENGLISH
630 _aBusiness English
650 _aEconomics
655 _aEconomics
730 _aBusiness English
942 _cBOOK
999 _c806105
_d806102